000 00325 a2200157 4500
001 150819
040 _cEscola São Tomás de Aquino
100 _aPEREIRA, Breno Fernandes
240 1 0 _aMil
_lpor
245 1 0 _aMil
300 _a80
362 0 _a2006
440 1 _aFTD
697 _aARTES E RECREAÇÃO
942 _cBK
999 _c150819
_d150819